LEADER 02232oam 2200625I 450 001 9910711432803321 005 20181228131034.0 035 $a(CKB)5470000002483715 035 $a(OCoLC)961333274 035 $a(OCoLC)995470000002483715 035 $a(EXLCZ)995470000002483715 100 $a20161028d1960 ua 0 101 0 $aeng 135 $aur||||||||||| 181 $ctxt$2rdacontent 182 $cc$2rdamedia 183 $acr$2rdacarrier 200 10$aSurface water supply of the United States, 1958$hPart 12$iPacific slope basins in Washington and upper Columbia River Basin /$fprepared under the direction of J.V.B. Wells 210 1$a[Washington, D.C.] :$cUnited States Department of the Interior, Geological Survey,$d1960. 210 2$aWashington :$cUnited States Government Printing Office. 215 $a1 online resource (ix, 381 pages) $cillustration, map 225 1 $aGeological survey water-supply paper ;$v1566 300 $a"Prepared in cooperation with the States of Idaho, Montana, and Washington, and with other agencies." 300 $aIncludes index. 517 3 $aPacific slope basins in Washington and upper Columbia River Basin. 606 $aWater quality$zColumbia River Watershed 606 $aWater quality$zWashington (State)$zPacific Coast 606 $aWater-supply$zColumbia River Watershed 606 $aWater-supply$zWashington (State)$zPacific Coast 606 $aWater quality$2fast 606 $aWater-supply$2fast 607 $aUnited States$zColumbia River Watershed$2fast 607 $aWashington (State)$zPacific Coast$2fast 615 0$aWater quality 615 0$aWater quality 615 0$aWater-supply 615 0$aWater-supply 615 7$aWater quality. 615 7$aWater-supply. 700 $aWells$b J. V. B.$01385991 712 02$aGeological Survey (U.S.), 712 02$aIdaho. 712 02$aMontana. 712 02$aWashington (State) 801 0$bCOP 801 1$bCOP 801 2$bOCLCO 801 2$bOCLCF 801 2$bGPO 801 2$bMERUC 801 2$bGPO 906 $aBOOK 912 $a9910711432803321 996 $aSurface water supply of the United States, 1958$93440773 997 $aUNINA LEADER 02079nam 2200529 450 001 9910814231203321 005 20170919043635.0 010 $a1-4985-2123-1 035 $a(CKB)3710000000530876 035 $a(EBL)4179439 035 $a(SSID)ssj0001581014 035 $a(PQKBManifestationID)16257232 035 $a(PQKBTitleCode)TC0001581014 035 $a(PQKBWorkID)14541089 035 $a(PQKB)11703891 035 $a(MiAaPQ)EBC4179439 035 $a(EXLCZ)993710000000530876 100 $a20160107h20162016 uy 0 101 0 $aeng 135 $aur|n|---||||| 181 $ctxt 182 $cc 183 $acr 200 10$aAfrican personality and spirituality $ethe role of abosom and human essence /$fAnthony Ephirim-Donkor 210 1$aLanham, Maryland ;$aLondon, England :$cLexington Books,$d2016. 210 4$dİ2016 215 $a1 online resource (211 p.) 300 $aDescription based upon print version of record. 311 $a1-4985-2122-3 320 $aIncludes bibliographical references and index. 327 $aAkan eschatology -- The nature of the spirit -- The spirit incarnate -- Manifestation of the spirit -- The ethical pathway. 330 $aThis book is a revealing and insightful study about Gods and Goddesses (Abosom) as key to unlocking the mystery of the human being. Thus, this book will be of interest to Africanists, African Americanists, those interested in black spirituality and hermeneutics, cultural anthropologists, and scholars of religion and theology. 606 $aAkan (African people)$xReligion 606 $aReligion and ethics 607 $aAfrica, Sub-Saharan$xReligion 607 $aAfrica, Sub-Saharan$xReligious life and customs 615 0$aAkan (African people)$xReligion. 615 0$aReligion and ethics. 676 $a299.683385 700 $aEphirim-Donkor$b Anthony$0662162 801 0$bMiAaPQ 801 1$bMiAaPQ 801 2$bMiAaPQ 906 $aBOOK 912 $a9910814231203321 996 $aAfrican personality and spirituality$94082179 997 $aUNINA